| 000 | 03821nam a2200265 i 4500 | ||
|---|---|---|---|
| 005 | 20250329165508.0 | ||
| 007 | ta | ||
| 008 | 200622s2024 000 0 eng d | ||
| 040 |
_aCO-CtgCURN _bspa _ccoctgcurn _erda |
||
| 082 | 0 |
_aTCS 2024 _bD686 |
|
| 100 | 1 |
_aDonneys Valdelamar, Camilo Andres, _eauthor. _4aut |
|
| 245 | 1 | 3 |
_aAnálisis del comportamiento a través del crédito informal de los comerciantes en Cartagena de Indias / _cCamilo Andres Donneys Valdelamar; Juan Pablo Castañeda Puello. |
| 260 |
_aCartagena de Indias : _bCorporación Universitaria Rafael Núñez, _c2024. |
||
| 300 | _a15 hojas. | ||
| 336 |
_atext _btxt _2rdacontent |
||
| 337 |
_aunmediated _bn _2rdamedia |
||
| 338 |
_avolume _bnc _2rdacarrier |
||
| 502 | _aTrabajo de grado (Tecnologo en contabilidad sistematizada). Corporación Universitaria Rafael Núñez. Facultad de Ciencias Administrativas y Contables. Programa de Tecnología en Contabilidad Sistematizada, 2024. | ||
| 520 | 8 | _a"La ciudad de Cartagena al igual que otras ciudades de nuestro país colombiano, se encuentra en un constante crecimiento y desarrollo urbano, físico espacial, demográfico y económico. La nueva faceta del trabajo, plasmada por las políticas de elasticidad y flexibilidad laboral; la aparición de nuevas tecnologías Tics, y el propio modelo económico imperante en nuestro país, cambio el modelo laboral clásico, donde la categoría predominante del empleo formal o asalariado es actualmente suplantada por el empleo individualizado y/o no asalariado. El crédito actualmente es una necesidad económica dentro de la sociedad mundial siendo una de las variables más importantes para que un país pueda crecer y, por ende, desarrollarse. Aun así, en pases en desarrollo como lo es Colombia donde se experimentaba y vivenciaba una tasa alta de desempleo, informalidad laboral y empresarial, una elevada proporción de hogares y pequeños negocios de bajos ingresos las oportunidades para acceder al sistema financiero formal; como los Bancos, es de gran limitación o totalmente cerrada específicamente para la población "informal". La crisis económica del país ha provocado que muchas personas y empresarios pierdan sus puestos de trabajo, perdiendo as su fuente de ingresos. Esto ha provocado que muchos de ellos recurrían a préstamos informales para pagar sus gastos o para financiar sus negocios, las personas en su necesidad de subsistir se ven enfrentados a la economía del rebusque para solucionar sus necesidades primarias como son la alimentación, el arrendamiento, el pago de los servicios públicos y otros, por lo tanto se ven en la necesidad de acudir a las personas que se dedican a la actividad de colocar pequeñas cantidades de dinero a los comerciantes informales como capital de trabajo. Pero qué son exactamente los créditos informales? Cuáles son los riesgos de este tipo de préstamos? El crédito formal se refiere a préstamos otorgados por un grupo de instituciones crediticias, casas de empeño, grupos de autoayuda y cadenas de tiendas, así como préstamos entre familiares y amigos. Un crédito informal, proviene de una persona que se dedica a prestar dinero casi de manera inmediata, sin pedir documentación para ello, como máximo exigen el documento de Identidad del solicitante. "No hay pago de impuestos, no hay información de lo que se está prestando solo usan cartulinas"." | |
| 650 | 0 |
_aContabilidad sistematizada _xTesis y disertaciones académicas. |
|
| 700 | 1 | _aCastañeda Puello, Juan Pablo. | |
| 856 | 7 |
_uhttps://unicurn.sharepoint.com/:b:/s/biblioteca/EV2unHb6vWNIhVRVCq8ctd4BoqeoQZR78pq-zLgkJ2m7MQ?e=ZeLGfV _zClick aqui para ver el recurso en texto completo |
|
| 942 |
_cTG _hTCS 2024 _iD686 _aMHC _bMHC _2ddc |
||
| 999 |
_c5920 _d5920 |
||